Recopilación sumaria de los autos acordados de la real sala del crimen de la audiencia de esta Nueva España.

Detalles Bibliográficos
Formato: Libro
Publicado: México 1787
Materias:
Colección:Banco de datos
Acervo:Biblioteca Nacional de Antropología e Historia. Fondo Conventual
Tema general:Derecho Civil
Notas:Buena. III,5,28. Encuadernado con dos obras más
LEADER 00737nam a22001810004500
035 |a 9960 
036 |a 4565 
245 1 0 |a Recopilación sumaria de los autos acordados de la real sala del crimen de la audiencia de esta Nueva España.  |c comp. Eusebio Ventura Beleña 
260 |a México  |b Felipe de Zúñiga y Ontiveros  |c 1787 
500 |a Buena. III,5,28. Encuadernado con dos obras más 
650 1 0 |a Derecho Civil 
949 |a B.N.A.H. 
959 |a Biblioteca Nacional de Antropología e Historia. Ciudad de México  |b CCC1 
960 |a Seminario de Morelia  |b DD56 
961 |a Casa de formación del Clero Secular  |b CS 
942 |c B.N.A.H. 
943 |g Biblioteca Nacional de Antropología e Historia. Fondo Conventual 
999 |c 1034492  |d 1034492